Futuro : innovación tecnológica y cambio social /

Guardado en:
Autor Principal: Diebold, John, 1926-2005.
Formato: Libro
Idioma:Spanish
English
Publicado: Buenos Aires : Editorial Fraterna, c1986.
Materias:
Etiquetas: Agregar Etiqueta
Sin Etiquetas, Sea el primero en etiquetar este registro!
LEADER 00701nam a22002055a 4500
001 EAD.ead000849
008 070717s1986####ag#######b####000#0#spa#d
005 20070808115959.0
245 1 0 |a Futuro :  |b innovación tecnológica y cambio social /  |c John Diebold. 
260 |a Buenos Aires :  |b Editorial Fraterna,  |c c1986. 
300 |a 588 p. ;  |c 20 cm. 
500 |a Traducción de: Making the future work. 
504 |a Incluye referencias bibliográficas. 
020 |a 9509097519 
100 1 |a Diebold, John,  |d 1926-2005. 
082 0 4 |a 303.4  |2 21 
650 7 |a Cambio tecnológico.  |2 unbist 
650 7 |a Cambio social.  |2 unbist 
041 1 |a spa  |h eng 
859 |a AR-BaBDC  |b BIB. ADMINISTRACION - Libros  |h 303.4  |i D563  |p b05581